| 000 | 01539nam0a22003131 4500 | ||
|---|---|---|---|
| 001 | rc\2214968 | ||
| 005 | 20250623090952.0 | ||
| 035 | _a(NLR Aleph) 006697261 | ||
| 090 |
_a5207126 _c5207126 |
||
| 100 | _a20110829d1979 |||y0rusy50 ca | ||
| 101 | 0 | _arus | |
| 102 | _aRU | ||
| 105 | _ay z ||||| | ||
| 200 | 1 |
_aВеличие советских пятилеток _e(Материал в помощь докладчикам, лекторам, пропагандистам, агитаторам и политинформаторам о 50-й годовщине первого пятилет. плана развития нар. хоз-ва СССР) _fА. Проскурин, Г. Попов, С. Столповский |
|
| 210 |
_aВоронеж _cГаз. "Коммуна" _d1979 |
||
| 215 |
_a29 с. _d20 |
||
| 300 | _aНа обл. авт. не указаны | ||
| 320 | _aБиблиогр.: с. 29 | ||
| 606 |
_aПятилетние планы развития народного хозяйства СССР _2psbo |
||
| 700 | 1 |
_aПроскурин _bА.Н. _gАлександр Николаевич |
|
| 701 | 1 |
_aСтолповский _bС.И. _gСтанислав Иванович |
|
| 701 | 1 |
_aПопов _bГ. С. _cканд. экон. наук, социалист. экономика _gГеоргий Степанович _9227590 _3RU\NLR\AUTH\770227646 |
|
| 801 | 0 |
_aRU _bNLR _gpsbo |
|
| 801 | 1 |
_aRU _bELAR _2rusmarc |
|
| 852 |
_aNLR _j79-4/21722 |
||
| 899 |
_aRuMoRGB _jM 79-18/649 |
||
| 942 | _cBOOK | ||
| 980 | _aNB | ||